[Event "XXIX Andorra Open"]
[Site "Arinsal AND"]
[Date "2011.07.20"]
[Round "5.5"]
[White "Rodriguez Guerrero, Enrique"]
[Black "Ibarra Jerez, Jose Carlos"]
[Result "1/2-1/2"]
[WhiteTitle "GM"]
[BlackTitle "IM"]
[WhiteElo "2449"]
[BlackElo "2530"]
[WhiteFideId "2216892"]
[BlackFideId "2226332"]
[EventDate "2011.07.16"]
[EventType "swiss"]

1. e4 c5 2. Nf3 Nf6 3. e5 Nd5 4. Nc3 e6 5. Nxd5 exd5 6. d4 Nc6 7. dxc5 Bxc5 8.
Qxd5 Qb6 9. Bc4 Bxf2+ 10. Ke2 O-O 11. Rf1 Bc5 12. Ng5 Nxe5 13. Nxf7 Nxf7 14.
Rxf7 Qe6+ 15. Qxe6 dxe6 16. Rxf8+ Kxf8 17. Be3 Bxe3 18. Kxe3 Bd7 19. Rf1+ Ke7
20. Bd3 h6 21. Be4 Rc8 22. c3 Bc6 23. Bxc6 Rxc6 1/2-1/2

[Event "XXIX Andorra Open"]
[Site "Arinsal AND"]
[Date "2011.07.20"]
[Round "5.6"]
[White "Vehi Bach, Victor Manuel"]
[Black "Zoler, Dan"]
[Result "0-1"]
[WhiteTitle "IM"]
[BlackTitle "IM"]
[WhiteElo "2403"]
[BlackElo "2527"]
[WhiteFideId "2200228"]
[BlackFideId "2800705"]
[EventDate "2011.07.16"]
[EventType "swiss"]

1. e4 c5 2. Nf3 d6 3. d4 cxd4 4. Nxd4 Nf6 5. Nc3 a6 6. h3 e6 7. g4 Be7 8. Bg2
Nfd7 9. g5 Nc6 10. h4 O-O 11. Be3 Nde5 12. Qe2 Nxd4 13. Bxd4 b5 14. f4 Nc6 15.
Be3 Qa5 16. Qf2 Rb8 17. O-O b4 18. Ne2 Bd8 19. a3 Bb6 20. axb4 Qxb4 21. b3 a5
22. Ra4 Bxe3 23. Qxe3 Qb5 24. Rd1 Rd8 25. Nc3 Qb7 26. Rd2 Qc7 27. Ra1 Nb4 28.
Rc1 Ba6 29. Na4 Bb5 30. Nb2 Rbc8 31. c4 Bc6 32. Rcd1 Rb8 33. e5 d5 34. cxd5 Bxd5
35. Nc4 a4 36. Rc1 axb3 37. Qxb3 Rdc8 38. Bf1 Qc5+ 39. Kh2 Nc6 40. Qe3 Na5 41.
Rdc2 Nxc4 42. Qxc5 Rxc5 43. Bxc4 Be4 44. Rd2 g6 0-1

[Event "XXIX Andorra Open"]
[Site "Arinsal AND"]
[Date "2011.07.20"]
[Round "5.7"]
[White "Panelo, Marcelo"]
[Black "Hamdouchi, Hicham"]
[Result "0-1"]
[WhiteTitle "IM"]
[BlackTitle "GM"]
[WhiteElo "2413"]
[BlackElo "2628"]
[WhiteFideId "104213"]
[BlackFideId "9000011"]
[EventDate "2011.07.16"]
[EventType "swiss"]

1. d4 d6 2. c4 g6 3. Nc3 Bg7 4. e4 Nf6 5. Nge2 O-O 6. Ng3 e5 7. d5 c6 8. Be2 a6
9. Bg5 h6 10. Be3 h5 11. Qd2 h4 12. Nf1 cxd5 13. cxd5 b5 14. a3 Nbd7 15. Qd1 Nh7
16. Nd2 f5 17. f3 Ndf6 18. Qb3 Rb8 19. Rg1 Rf7 20. Qc2 Nh5 21. Na2 a5 22. Rc1
Nf4 23. Qc6 Bh6 24. Nf1 Bb7 0-1

[Event "XXIX Andorra Open"]
[Site "Arinsal AND"]
[Date "2011.07.20"]
[Round "5.8"]
[White "Damljanovic, Branko"]
[Black "Berkovich, Mark A"]
[Result "1-0"]
[WhiteTitle "GM"]
[BlackTitle "IM"]
[WhiteElo "2611"]
[BlackElo "2396"]
[WhiteFideId "900125"]
[BlackFideId "2801639"]
[EventDate "2011.07.16"]
[EventType "swiss"]

1. c4 e6 2. Nc3 Nf6 3. e4 d5 4. e5 Ne4 5. Nf3 Nc6 6. d4 Be7 7. Be3 O-O 8. Bd3
Nxc3 9. bxc3 dxc4 10. Bxc4 Na5 11. Bd3 c5 12. h4 h6 13. Bc2 cxd4 14. Qd3 f5 15.
exf6 Bxf6 16. Nxd4 Qc7 17. Qh7+ Kf7 18. O-O e5 19. Bg6+ Ke7 20. Bxh6 Kd8 21. Nb5
Qe7 22. Rad1+ 1-0

[Event "XXIX Andorra Open"]
[Site "Arinsal AND"]
[Date "2011.07.20"]
[Round "5.10"]
[White "Marin, Mihail"]
[Black "Bykov, Alexey1"]
[Result "1-0"]
[WhiteTitle "GM"]
[BlackTitle "FM"]
[WhiteElo "2548"]
[BlackElo "2278"]
[WhiteFideId "1200020"]
[BlackFideId "4165365"]
[EventDate "2011.07.16"]
[EventType "swiss"]

1. d4 d5 2. Nf3 Nf6 3. c4 c6 4. e3 Bf5 5. cxd5 cxd5 6. Qb3 Qb6 7. Qxb6 axb6 8.
Nc3 Nc6 9. Bb5 Bd7 10. Ne5 e6 11. Nxd7 Nxd7 12. O-O Be7 13. Bd2 O-O 14. Rfc1
Rac8 15. Na4 Ncb8 16. Rc3 Rxc3 17. bxc3 Rc8 18. Rb1 Bd8 19. c4 dxc4 20. Rc1 Nf6
21. Rxc4 Rxc4 22. Bxc4 Ne4 23. Be1 Nd6 24. Be2 Nc6 25. Nc3 Kf8 26. Kf1 Ke8 27.
Nb5 Be7 28. Bd3 Kd8 29. Bc3 g6 30. Ke2 Nxb5 31. Bxb5 Nb4 32. a4 Nd5 33. Bb2 Bd6
34. h4 Ke7 35. e4 Nc7 36. Bc4 Bb4 37. Bc1 Kd7 38. Be3 Be7 39. g3 Kc6 40. f3 Bf6
41. Bf2 Bg7 42. g4 Bf8 43. Be3 Be7 44. h5 Bd6 45. Kd3 Be7 46. h6 Bf8 47. Bg5 Ba3
48. Bd2 Be7 49. f4 Bf8 50. f5 Be7 51. fxg6 fxg6 52. Bf4 Bf8 53. Bxc7 Kxc7 54.
Bxe6 Bxh6 55. Bg8 1-0

[Event "XXIX Andorra Open"]
[Site "Arinsal AND"]
[Date "2011.07.20"]
[Round "5.12"]
[White "Porat, Maya"]
[Black "Das, Arghyadip"]
[Result "0-1"]
[BlackTitle "IM"]
[WhiteElo "2274"]
[BlackElo "2471"]
[WhiteFideId "2808072"]
[BlackFideId "5003610"]
[EventDate "2011.07.16"]
[EventType "swiss"]

1. d4 d5 2. c4 e6 3. Nf3 c6 4. e3 Bd6 5. Bd3 f5 6. O-O Nf6 7. b3 Qe7 8. a4 a5 9.
Ba3 Bxa3 10. Nxa3 O-O 11. Qe2 g6 12. Ne5 Nbd7 13. f4 Nxe5 14. dxe5 Ne8 15. Qd2
Bd7 16. Be2 Nc7 17. Bf3 Be8 18. Rfc1 Rf7 19. c5 Rg7 20. b4 Na6 21. bxa5 Nxc5 22.
Qb4 Nd3 23. Qxe7 Rxe7 24. Rd1 Nc5 25. Nb1 Rxa5 26. Nc3 Bd7 27. Rab1 Re8 28. Rb4
Rea8 29. Rdb1 Bc8 30. Bd1 Kf7 31. h3 Ke7 32. g4 Kd8 33. Bc2 Kc7 34. Kf2 Bd7 35.
Ke2 R8a7 36. Kd2 Na6 37. Rb6 Nc5 38. R6b4 Be8 39. Rg1 Nd7 40. Rgb1 R5a6 41. Ne2
Kc8 42. Nc3 Ra5 43. Bd3 Nc5 44. Bc2 Bd7 45. Rb6 Kc7 46. R6b4 Bc8 47. Rg1 R7a6
48. h4 Bd7 49. h5 Be8 50. gxf5 exf5 51. hxg6 Bxg6 52. Rg5 Ne6 53. Rxf5 d4 54.
exd4 Bxf5 55. Bxf5 Nxf4 56. Bxh7 Rb6 57. Rc4 Kd8 58. Be4 Nd5 59. Nxd5 cxd5 60.
Rc5 Rxc5 61. dxc5 Rb4 62. Bh1 Kd7 63. a5 Ke6 64. Bf3 Ra4 0-1

[Event "XXIX Andorra Open"]
[Site "Arinsal AND"]
[Date "2011.07.20"]
[Round "5.14"]
[White "Villegas, Pierre"]
[Black "Caspi, Israel"]
[Result "0-1"]
[BlackTitle "IM"]
[WhiteElo "2255"]
[BlackElo "2443"]
[WhiteFideId "654183"]
[BlackFideId "2807394"]
[EventDate "2011.07.16"]
[EventType "swiss"]

1. d4 f5 2. Nc3 d5 3. Bg5 c6 4. e3 g6 5. Nf3 Bg7 6. h4 Nf6 7. Bd3 Be6 8. Ne2
Nbd7 9. Nf4 Bf7 10. h5 Ne4 11. h6 Bf8 12. g4 Qa5+ 13. c3 fxg4 14. Bxe4 dxe4 15.
Ne5 Nxe5 16. dxe5 Qxe5 17. Qxg4 Qf5 18. Qg2 e5 19. Ne2 Bc5 20. b3 O-O 21. O-O b5
22. Rac1 Be6 23. b4 Bb6 24. Be7 Rf7 25. Ng3 Qg4 26. Bd6 Rf3 27. Bxe5 Raf8 28.
Rc2 Bc4 29. Re1 Bd3 30. Rd2 R8f7 31. Nf1 Qf5 32. Bg3 Qf6 33. Nh2 Rf5 34. Rc1 Rg5
35. Qh3 Rf8 36. Kh1 Rh5 37. Qd7 Rxh6 38. Kg2 Rh5 39. a4 Rd5 40. Qg4 h5 41. Qh3
Qf5 0-1

[Event "XXIX Andorra Open"]
[Site "Arinsal AND"]
[Date "2011.07.20"]
[Round "5.16"]
[White "Nass, Emile"]
[Black "Tania, Sachdev"]
[Result "1/2-1/2"]
[BlackTitle "IM"]
[WhiteElo "2247"]
[BlackElo "2419"]
[WhiteFideId "635944"]
[BlackFideId "5007844"]
[EventDate "2011.07.16"]
[EventType "swiss"]

1. d4 Nf6 2. Nf3 e6 3. c4 c5 4. g3 cxd4 5. Nxd4 Bb4+ 6. Nc3 Ne4 7. Qd3 Bxc3+ 8.
bxc3 Nc5 9. Qe3 b6 10. Bg2 Bb7 11. Bxb7 Nxb7 12. Qf3 Nc6 13. c5 bxc5 14. Nxc6
dxc6 15. Qxc6+ Qd7 16. Qa6 O-O 17. Be3 Rac8 18. Rb1 Nd6 19. O-O Ne4 20. Rfd1 Qc7
21. Bf4 Qc6 22. Qc4 Rfd8 23. f3 Nf6 24. Rxd8+ Rxd8 25. Bg5 h6 26. Bxf6 gxf6 27.
Qf4 Kg7 28. Qg4+ Kh7 29. Qf4 Kg7 30. Qg4+ Kh7 31. Qf4 1/2-1/2

[Event "XXIX Andorra Open"]
[Site "Arinsal AND"]
[Date "2011.07.20"]
[Round "5.17"]
[White "Jerez Perez, Alfonso"]
[Black "Kogan, Pavel"]
[Result "1/2-1/2"]
[WhiteTitle "IM"]
[WhiteElo "2416"]
[BlackElo "2221"]
[WhiteFideId "2204100"]
[BlackFideId "2804425"]
[EventDate "2011.07.16"]
[EventType "swiss"]

1. e4 c5 2. c3 d6 3. d4 Nf6 4. Bd3 g6 5. dxc5 dxc5 6. e5 Nd5 7. Be4 Nc7 8. Qxd8+
Kxd8 9. Nf3 Nd7 10. Bf4 Ne6 11. Bg3 h5 12. h4 Bh6 13. O-O Kc7 14. c4 Nb6 15. b3
Bd7 16. Nc3 Bc6 17. Nd5+ Kd8 18. a4 Nd7 19. Rfd1 Rc8 20. a5 Ke8 21. Nc3 Bxe4 22.
Nxe4 Nb8 23. Rd5 Kf8 24. Nfg5 Bxg5 25. Nxg5 Nxg5 26. hxg5 e6 27. Rd6 Ke7 28. Bf4
Rhd8 29. Rxd8 Rxd8 30. Be3 Na6 31. Kf1 Kd7 32. Ke2 Kc6 33. f4 1/2-1/2

[Event "XXIX Andorra Open"]
[Site "Arinsal AND"]
[Date "2011.07.20"]
[Round "5.19"]
[White "Ben Porat, Or"]
[Black "Del Rio De Angelis, Salvador G."]
[Result "0-1"]
[BlackTitle "GM"]
[WhiteElo "2160"]
[BlackElo "2509"]
[WhiteFideId "2809516"]
[BlackFideId "2203138"]
[EventDate "2011.07.16"]
[EventType "swiss"]

1. e4 e6 2. d4 d5 3. Nc3 Nf6 4. e5 Nfd7 5. f4 c5 6. Nf3 Nc6 7. Be3 cxd4 8. Nxd4
Bc5 9. Qd2 O-O 10. O-O-O a6 11. Qf2 Bxd4 12. Bxd4 b5 13. Bd3 b4 14. Na4 Nxd4 15.
Qxd4 Qa5 16. b3 Bb7 17. f5 Bc6 18. f6 g6 19. Qf4 Kh8 20. h4 Rg8 21. Qg5 Qc7 22.
Rde1 Bxa4 23. bxa4 Qc3 24. h5 Nc5 25. Bxg6 Nd3+ 26. Kd1 Rac8 27. Re2 Nb2+ 28.
Kc1 Nc4 0-1

[Event "XXIX Andorra Open"]
[Site "Arinsal AND"]
[Date "2011.07.20"]
[Round "5.20"]
[White "Albets Armengol, Roland"]
[Black "Norwood, David R"]
[Result "0-1"]
[BlackTitle "GM"]
[WhiteElo "2169"]
[BlackElo "2491"]
[WhiteFideId "2278049"]
[BlackFideId "400106"]
[EventDate "2011.07.16"]
[EventType "swiss"]

1. d4 g6 2. Nc3 Bg7 3. e4 c6 4. Nf3 d6 5. Be3 Nf6 6. Qd2 O-O 7. Bh6 b5 8. Bxg7
Kxg7 9. Bd3 Bg4 10. Qf4 Bxf3 11. Qxf3 Nbd7 12. O-O e5 13. dxe5 dxe5 14. a4 a6
15. b4 Qe7 16. Rfb1 Rfb8 17. Nd1 bxa4 18. Rxa4 Nc5 19. Raa1 Nxd3 20. Qxd3 Rxb4
21. Ne3 Nxe4 22. Re1 Rd4 23. Qb3 Qc5 24. Qb7 Ra7 25. Qb8 h5 26. h3 a5 27. f3 Nf6
28. Kh1 a4 29. c3 Rdd7 30. Qb4 Qxb4 31. cxb4 Rd4 32. Rec1 Nd5 33. Nc4 Nxb4 34.
Nxe5 Ra6 35. Ra3 Rd5 36. Rb1 Nc2 37. Rc3 Rxe5 38. Rxc2 a3 39. Ra2 Rb5 40. Rba1
Rb3 41. Kg1 h4 42. Kf2 Rb2+ 43. Ke3 Rxa2 44. Rxa2 Kf6 45. Kd3 Kf5 46. Kc4 Kf4
47. Kb4 Kg3 48. Kc4 g5 49. Kb4 f5 50. Kc4 Rb6 51. Kc5 Rb2 52. Rxa3 Rxg2 53. Kxc6
Kxh3 54. Kd5 Rg3 55. Ke5 g4 56. Kf4 Rxf3+ 57. Rxf3+ gxf3 58. Kxf3 0-1

[Event "XXIX Andorra Open"]
[Site "Arinsal AND"]
[Date "2011.07.21"]
[Round "6.1"]
[White "Narciso Dublan, Marc"]
[Black "Georgiev, Kiril"]
[Result "1/2-1/2"]
[WhiteTitle "GM"]
[BlackTitle "GM"]
[WhiteElo "2544"]
[BlackElo "2654"]
[WhiteFideId "2201500"]
[BlackFideId "2900017"]
[EventDate "2011.07.16"]
[EventType "swiss"]

1. e4 e5 2. Nc3 Nf6 3. g3 d5 4. exd5 Nxd5 5. Bg2 Nxc3 6. bxc3 Nc6 7. Nf3 Bc5 8.
O-O O-O 9. Re1 Re8 10. d4 exd4 11. Rxe8+ Qxe8 12. cxd4 Bb6 13. Qd3 h6 14. Bb2
Ba5 15. d5 Nb4 16. Qd2 Nc6 17. Bc3 Bxc3 18. Qxc3 Ne7 19. Re1 Qd8 20. Qe5 Kf8 21.
c4 Bg4 22. Qb2 Bxf3 23. Bxf3 Rb8 24. Qa3 b6 25. c5 bxc5 26. Qxa7 Ra8 27. Qxc5
Rxa2 28. Rb1 Ra8 29. Rb7 Rc8 30. h4 Qd6 31. Qxd6 cxd6 32. Rd7 Ke8 33. Rxd6 Rd8
34. Rxd8+ Kxd8 35. Bd1 Kd7 36. Bb3 Kd6 37. Kg2 Nxd5 1/2-1/2

[Event "XXIX Andorra Open"]
[Site "Arinsal AND"]
[Date "2011.07.21"]
[Round "6.2"]
[White "Arizmendi Martinez, Julen Luis"]
[Black "Almeida Quintana, Omar"]
[Result "1-0"]
[WhiteTitle "GM"]
[BlackTitle "GM"]
[WhiteElo "2555"]
[BlackElo "2548"]
[WhiteFideId "2205092"]
[BlackFideId "3503313"]
[EventDate "2011.07.16"]
[EventType "swiss"]

1. d4 d6 2. Nf3 g6 3. c4 Bg7 4. Nc3 c6 5. e4 Bg4 6. Be3 Qb6 7. Qd2 Bxf3 8. gxf3
Qc7 9. f4 Nf6 10. Be2 O-O 11. h4 e5 12. h5 exd4 13. Bxd4 Nbd7 14. f5 Nc5 15. f3
Qe7 16. O-O-O Ncd7 17. Rdg1 Ne5 18. hxg6 fxg6 19. f4 Rad8 20. Be3 Ned7 21. fxg6
hxg6 22. Rxg6 Rf7 23. Bd3 Nf8 24. Rg3 Ne6 25. e5 dxe5 26. fxe5 Kf8 27. exf6 Qxf6
28. Qe2 Nd4 29. Qh5 b6 30. Rxg7 1-0

[Event "XXIX Andorra Open"]
[Site "Arinsal AND"]
[Date "2011.07.21"]
[Round "6.3"]
[White "Hamdouchi, Hicham"]
[Black "Gonzalez Vidal, Yuri"]
[Result "1/2-1/2"]
[WhiteTitle "GM"]
[BlackTitle "GM"]
[WhiteElo "2628"]
[BlackElo "2503"]
[WhiteFideId "9000011"]
[BlackFideId "3503321"]
[EventDate "2011.07.16"]
[EventType "swiss"]

1. e4 e5 2. Nf3 Nc6 3. d4 exd4 4. Nxd4 Bc5 5. Nb3 Bb4+ 6. c3 Be7 7. Bd3 d5 8.
O-O Nf6 9. exd5 Qxd5 10. c4 Qd8 11. Qe2 Bg4 12. f3 Be6 13. Rd1 Qc8 14. Nc3 O-O
15. Bf4 Nh5 16. Be3 Ne5 17. Nd5 Bxd5 18. cxd5 Nxd3 19. Qxd3 Bd6 20. Rac1 Nf4 21.
Bxf4 Bxf4 22. Rc4 Bd6 23. Nc5 Bxc5+ 24. Rxc5 Qd7 25. Rdc1 c6 26. Qc4 cxd5 27.
Qxd5 Qxd5 28. Rxd5 Rfd8 29. Rxd8+ Rxd8 30. Rc7 b6 31. Kf2 Kf8 32. Ke3 a5 33. Rc6
Rb8 34. Kd4 Ke7 35. Kc4 b5+ 36. Kc5 b4 37. Rc7+ Ke6 38. Rc6+ Ke7 39. b3 Rd8 40.
Ra6 Rd2 41. Rxa5 Rxg2 42. Kxb4 Rxh2 43. a4 Rh4+ 44. Ka3 Rf4 45. Rh5 Rxf3 46.
Rxh7 g5 47. a5 g4 48. Rg7 g3 49. a6 Rf6 50. Rxg3 Rxa6+ 1/2-1/2

[Event "XXIX Andorra Open"]
[Site "Arinsal AND"]
[Date "2011.07.21"]
[Round "6.4"]
[White "Riff, Jean-Noel"]
[Black "Damljanovic, Branko"]
[Result "0-1"]
[WhiteTitle "IM"]
[BlackTitle "GM"]
[WhiteElo "2493"]
[BlackElo "2611"]
[WhiteFideId "611190"]
[BlackFideId "900125"]
[EventDate "2011.07.16"]
[EventType "swiss"]

1. e4 c5 2. Nf3 d6 3. d4 cxd4 4. Nxd4 Nf6 5. Nc3 a6 6. Be2 e5 7. Nb3 Be7 8. Be3
Be6 9. O-O O-O 10. Qd2 Nbd7 11. a4 Rc8 12. a5 Ng4 13. Bxg4 Bxg4 14. Nc1 Be6 15.
Nd3 f5 16. exf5 Rxf5 17. f4 Rf7 18. Ne2 Qc7 19. c3 Rcf8 20. Rfe1 Bc4 21. fxe5
dxe5 22. Ng3 Bh4 23. Qc2 e4 24. Nf2 Nc5 25. Bd4 Bxg3 26. hxg3 Nd3 27. Nxd3 Bxd3
28. Qb3 Qxg3 29. Qe6 h5 30. Bc5 Rd8 31. Rad1 Qb8 32. Be7 Re8 33. Bd6 Qa7+ 0-1

[Event "XXIX Andorra Open"]
[Site "Arinsal AND"]
[Date "2011.07.21"]
[Round "6.5"]
[White "Iturrizaga, Eduardo"]
[Black "Rodriguez Guerrero, Enrique"]
[Result "1-0"]
[WhiteTitle "GM"]
[BlackTitle "GM"]
[WhiteElo "2603"]
[BlackElo "2449"]
[WhiteFideId "3901211"]
[BlackFideId "2216892"]
[EventDate "2011.07.16"]
[EventType "swiss"]

1. Nf3 Nf6 2. c4 g6 3. Nc3 d5 4. cxd5 Nxd5 5. d3 Bg7 6. Bd2 O-O 7. g3 c5 8. Bg2
Nc6 9. O-O Nc7 10. a3 a5 11. Na4 Ne6 12. Rc1 b6 13. d4 Rb8 14. dxc5 bxc5 15.
Nxc5 Nxc5 16. Rxc5 Bd7 17. Bc3 Bxc3 18. Rxc3 Rxb2 19. Rd3 Rb7 20. Qd2 Qe8 21.
Rd1 Bf5 22. Qh6 f6 23. Rc3 Rd7 24. Qc1 Rxd1+ 25. Qxd1 Qd7 26. Qb3+ Kg7 27. h4
Rd8 28. Kh2 Nd4 29. Qb6 Qd6 30. Qxa5 Nxe2 31. Re3 Nc1 32. Ne1 Nd3 33. Nxd3 Bxd3
34. a4 e5 35. Re1 Re8 36. Qd2 Qa6 37. Rc1 Qb6 38. Be4 Rd8 39. Rd1 Qa6 40. Qe3
Qxa4 41. Rxd3 Rxd3 42. Bxd3 Qd7 43. Kg2 Qd6 44. Qe4 Kh6 45. Bc4 Qc7 46. Qd5 Qe7
47. g4 Qc7 48. Qe6 Qd8 49. Qf7 e4 50. Qd5 Qe7 51. Qe6 Qd8 52. Qxe4 Qd6 53. Qe3+
Kg7 54. Qa7+ Kh6 55. Bg8 Qc6+ 56. f3 Qc2+ 57. Kh3 g5 58. h5 Qb1 59. Qxh7+ 1-0

[Event "XXIX Andorra Open"]
[Site "Arinsal AND"]
[Date "2011.07.21"]
[Round "6.6"]
[White "Das, Arghyadip"]
[Black "Peralta, Fernando"]
[Result "0-1"]
[WhiteTitle "IM"]
[BlackTitle "GM"]
[WhiteElo "2471"]
[BlackElo "2601"]
[WhiteFideId "5003610"]
[BlackFideId "105309"]
[EventDate "2011.07.16"]
[EventType "swiss"]

1. e4 c6 2. d4 d5 3. Nd2 dxe4 4. Nxe4 Bf5 5. Ng3 Bg6 6. h4 h6 7. Nf3 e6 8. h5
Bh7 9. Bd3 Bxd3 10. Qxd3 Nf6 11. Bd2 Be7 12. O-O-O O-O 13. Kb1 c5 14. Ne4 cxd4
15. Nxf6+ Bxf6 16. Bb4 Re8 17. Nxd4 Na6 18. Ba3 Qb6 19. Qe3 Nb4 20. c4 Rec8 21.
b3 Qa5 22. Nb5 Nc2 23. Kxc2 a6 24. Nd6 Qxa3 25. Nxc8 Qxa2+ 26. Kd3 Qxb3+ 27. Ke2
Qxc4+ 28. Kf3 Rxc8 29. Rc1 Qd5+ 30. Qe4 Qb3+ 31. Qe3 Qd5+ 32. Qe4 Qb3+ 33. Qe3
Bc3 34. Rhd1 b5 35. Rd3 b4 36. Rcd1 f5 37. Rd5 e5 38. g4 Qc2 39. R1d3 Rf8 40.
gxf5 Rxf5+ 41. Kg3 Bd4 42. R3xd4 Rg5+ 43. Kh4 exd4 44. Rxd4 Qf5 45. Qe2 Rg1 46.
f4 Rh1+ 0-1

[Event "XXIX Andorra Open"]
[Site "Arinsal AND"]
[Date "2011.07.21"]
[Round "6.7"]
[White "Kogan, Artur"]
[Black "Caspi, Israel"]
[Result "0-1"]
[WhiteTitle "GM"]
[BlackTitle "IM"]
[WhiteElo "2548"]
[BlackElo "2443"]
[WhiteFideId "2800802"]
[BlackFideId "2807394"]
[EventDate "2011.07.16"]
[EventType "swiss"]

1. Nf3 f5 2. g3 g6 3. d3 Nf6 4. b4 Bg7 5. Bb2 O-O 6. Bg2 d6 7. c4 e5 8. O-O Nc6
9. b5 Ne7 10. Qb3 h6 11. c5+ Kh8 12. Nbd2 g5 13. Rac1 f4 14. Nc4 Be6 15. Qa3 Nf5
16. Nfd2 Bd5 17. Ne4 Ne8 18. Rfd1 b6 19. cxd6 cxd6 20. e3 Bb7 21. Bh3 Qd7 22.
Qb4 Qf7 23. exf4 gxf4 24. Rc2 Rd8 25. Bg2 Kh7 26. Rdc1 Rd7 27. a4 fxg3 28. hxg3
d5 29. Nxe5 Bxe5 30. Bxe5 dxe4 31. dxe4 Nfd6 32. Bb2 Re7 33. e5 Bxg2 34. exd6
Re4 35. Qd2 Bh3 36. Qd3 Bf5 37. Qd2 Bd7 38. Re1 Rxe1+ 39. Qxe1 Nxd6 40. Rc7 Ne8
41. Rxa7 Qf5 42. Rb7 Nd6 43. Rc7 Rf7 44. Bd4 Ne4 45. Qb1 Qd5 46. Bxb6 Bf5 47.
Rxf7+ Qxf7 48. Qc2 Ng5 49. Qc7 Bd7 50. Qd6 Qf5 51. Qe7+ Kg6 52. Qd6+ Be6 53. Be3
Nf3+ 54. Kf1 Kh5 55. Qc5 Bd5 56. Ke2 Qe5 57. Qb4 Ng1+ 58. Kd2 Nf3+ 59. Ke2 Qe6
60. Qf4 Bc4+ 61. Kd1 Ng5 62. b6 Bd5 63. g4+ Qxg4+ 64. Qxg4+ Kxg4 65. a5 Bb7 66.
f4 Ne4 67. Ke2 h5 68. Kd3 Kf3 69. f5 h4 70. Bd4 Ba6+ 71. Kc2 h3 72. Be5 Kg4 73.
Kb3 Kxf5 74. Bh2 Kg4 75. Kb4 Kf3 76. b7 Bxb7 77. Kb5 Kg2 78. Kb6 Bd5 79. Be5 Ng3 0-1

[Event "XXIX Andorra Open"]
[Site "Arinsal AND"]
[Date "2011.07.21"]
[Round "6.9"]
[White "Ibarra Jerez, Jose Carlos"]
[Black "Marin, Irina-Luiza"]
[Result "1-0"]
[WhiteTitle "IM"]
[BlackTitle "WIM"]
[WhiteElo "2530"]
[BlackElo "2164"]
[WhiteFideId "2226332"]
[BlackFideId "1201778"]
[EventDate "2011.07.16"]
[EventType "swiss"]

1. e4 d6 2. d4 Nf6 3. Nc3 g6 4. Be3 c6 5. Qd2 Nbd7 6. Nf3 e5 7. h3 Qe7 8. O-O-O
Bg7 9. dxe5 dxe5 10. Qd6 Qxd6 11. Rxd6 Ke7 12. Rd1 b5 13. Bd3 Bb7 14. Nd2 h5 15.
Nb3 Bh6 16. Bxh6 Rxh6 17. h4 a5 18. a4 b4 19. Nb1 c5 20. Bb5 Rhh8 21. N1d2 Rhc8
22. Nc4 Bc6 23. Nbxa5 Bxb5 24. axb5 Nxe4 25. f3 Nf2 26. Rxd7+ Kxd7 27. Rf1 Rxa5
28. Nxa5 Ra8 29. Nb3 Kd6 30. Rxf2 c4 31. Nd2 Kc5 32. Re2 f6 33. Ne4+ Kd4 34. c3+
Kd3 35. Rd2+ Ke3 36. cxb4 f5 37. Nc3 1-0

[Event "XXIX Andorra Open"]
[Site "Arinsal AND"]
[Date "2011.07.21"]
[Round "6.10"]
[White "Karasik, Evgeni"]
[Black "Zoler, Dan"]
[Result "0-1"]
[BlackTitle "IM"]
[WhiteElo "2249"]
[BlackElo "2527"]
[WhiteFideId "2803941"]
[BlackFideId "2800705"]
[EventDate "2011.07.16"]
[EventType "swiss"]

1. e4 c5 2. Nf3 d6 3. d4 cxd4 4. Nxd4 Nf6 5. Nc3 a6 6. Bc4 e6 7. Bb3 Be7 8. f4
Qc7 9. f5 e5 10. Nde2 Nbd7 11. Bg5 O-O 12. Bxf6 Nxf6 13. Nd5 Nxd5 14. Qxd5 Bd7
15. Nc3 Rac8 16. Qd3 Qc5 17. Nd5 Bh4+ 18. g3 Bd8 19. Qe3 Qxe3+ 20. Nxe3 Bc6 21.
Nd5 Bxd5 22. exd5 e4 23. Ke2 Re8 24. Rad1 g6 25. Rhf1 Kg7 26. c3 Re5 27. g4 b5
28. Rf4 gxf5 29. gxf5 Kf6 30. Rh4 Rxf5 31. Rxe4 Bb6 32. Rf1 Rg8 33. Ref4 Rg2+
34. Kf3 Rxb2 35. Kg3 Rxf4 36. Rxf4+ Kg7 37. h3 a5 38. Bd1 Rxa2 39. Bh5 f6 40.
Be8 Rb2 41. Bd7 a4 42. Rg4+ Kf8 43. Be6 a3 44. Rg8+ Ke7 45. Ra8 a2 46. Kg4 b4
47. cxb4 Bd4 48. Kf5 Re2 49. Rc8 Rxe6 0-1

[Event "XXIX Andorra Open"]
[Site "Arinsal AND"]
[Date "2011.07.21"]
[Round "6.11"]
[White "Del Rio De Angelis, Salvador G."]
[Black "Vehi Bach, Victor Manuel"]
[Result "1-0"]
[WhiteTitle "GM"]
[BlackTitle "IM"]
[WhiteElo "2509"]
[BlackElo "2403"]
[WhiteFideId "2203138"]
[BlackFideId "2200228"]
[EventDate "2011.07.16"]
[EventType "swiss"]

1. d4 Nf6 2. Nf3 e6 3. e3 b6 4. Bd3 Bb7 5. O-O d5 6. c4 Bd6 7. Nc3 O-O 8. b3
Nbd7 9. Bb2 a6 10. Qe2 Ne4 11. Qc2 f5 12. Ne2 g5 13. Ne5 Nxe5 14. dxe5 Be7 15.
Nd4 Qd7 16. f3 Nc5 17. Be2 a5 18. Rad1 c6 19. a3 Qc8 20. Ba1 dxc4 21. Bxc4 b5
22. Be2 Na6 23. Bb2 Bc5 24. Kh1 Rd8 25. a4 Bxd4 26. exd4 Nc7 27. Bc1 f4 28. h4
Rf8 29. hxg5 Kg7 30. g3 Nd5 31. gxf4 Nxf4 32. Bxf4 Rxf4 33. Kg2 Qd8 34. Rh1 Rf5
35. Kf2 Qf8 36. Rh6 Qf7 37. Rdh1 Rh8 38. g6 1-0

[Event "XXIX Andorra Open"]
[Site "Arinsal AND"]
[Date "2011.07.21"]
[Round "6.12"]
[White "Norwood, David R"]
[Black "Nass, Emile"]
[Result "1-0"]
[WhiteTitle "GM"]
[WhiteElo "2491"]
[BlackElo "2247"]
[WhiteFideId "400106"]
[BlackFideId "635944"]
[EventDate "2011.07.16"]
[EventType "swiss"]

1. c4 Nf6 2. g3 c6 3. Bg2 d5 4. Nf3 Bg4 5. Ne5 Be6 6. cxd5 Bxd5 7. Nf3 c5 8. Nc3
Bc6 9. O-O Nbd7 10. d4 e6 11. Be3 Be7 12. Qc2 O-O 13. dxc5 Bxc5 14. Bxc5 Nxc5
15. b4 Ncd7 16. b5 Bxf3 17. Bxf3 Nc5 18. Na4 Nxa4 19. Qxa4 Qb6 20. Rfd1 Rfd8 21.
Rac1 h6 22. Rxd8+ Rxd8 23. Rc3 Rd2 24. Rc8+ Kh7 25. Qb4 Rd4 26. Qb2 e5 27. e3 1-0